00552 a2200157 4500010001400000020002600014035001300040037001600053082001700069100001800086245009600104260004500200270006300245300002800308500005800336 aENG-90009 a9780195695992c395.00 aEN-73542 bDBAD / PUB14a306.850954611 aGray, John N.1 aThe householder's world:cby John N. Graybpurity, power and dominance in a Nepali Village/ aNew DelhibOxford University Pressc2008 aYMCA Library Building, Jai Singh RoadbNew Delhie110 001 axiv, 302p.c24cm (pbk) aIncludes glossary, bibliographical references & index